An essential guide to property management (Record no. 99573)
[ view plain ]
| 000 -LEADER | |
|---|---|
| fixed length control field | 00997cam a2200289 4500 |
| 008 - FIXED-LENGTH DATA ELEMENTS--GENERAL INFORMATION | |
| fixed length control field | 000000n1999 000 0 eng u |
| 020 ## - INTERNATIONAL STANDARD BOOK NUMBER | |
| International Standard Book Number | 1902375386 |
| 035 ## - SYSTEM CONTROL NUMBER | |
| System control number | (Sirsi) u100066 |
| 041 ## - LANGUAGE CODE | |
| Language code of text/sound track or separate title | ENG |
| 050 ## - LIBRARY OF CONGRESS CALL NUMBER | |
| Classification number | 658.2 |
| 100 ## - MAIN ENTRY--PERSONAL NAME | |
| Personal name | Greed, John |
| 245 #3 - TITLE STATEMENT | |
| Title | An essential guide to property management |
| 260 ## - PUBLICATION, DISTRIBUTION, ETC. | |
| Place of publication, distribution, etc. | Oxford |
| Name of publisher, distributor, etc. | Chandos publishing Limited |
| Date of publication, distribution, etc. | 1999 |
| 300 ## - PHYSICAL DESCRIPTION | |
| Extent | ix,133p. |
| Dimensions | 26cm. |
| 350 ## - PRICE (NR) (BK AM CF MU VM SE) [OBSOLETE] | |
| Price | 59.95 |
| 520 ## - SUMMARY, ETC. | |
| Summary, etc. | This book is designed to provide a broad background for those who need to understand more about buildings and their use. Areas covered include managerment , legal and technical issues. Estates Gazette reprinted this book in 2002 (ISBN 0728203944). |
| 650 ## - SUBJECT ADDED ENTRY--TOPICAL TERM | |
| Topical term or geographic name entry element | ASSET MANAGEMENT |
| 650 ## - SUBJECT ADDED ENTRY--TOPICAL TERM | |
| Topical term or geographic name entry element | Block management |
| 9 (RLIN) | 6220 |
| 650 ## - SUBJECT ADDED ENTRY--TOPICAL TERM | |
| Topical term or geographic name entry element | PROPERTY LAW |
| 650 ## - SUBJECT ADDED ENTRY--TOPICAL TERM | |
| Topical term or geographic name entry element | SECURITY SYSTEMS |
| 650 ## - SUBJECT ADDED ENTRY--TOPICAL TERM | |
| Topical term or geographic name entry element | ENERGY EFFICIENT BUILDINGS |
| 690 ## - LOCAL SUBJECT ADDED ENTRY--TOPICAL TERM (OCLC, RLIN) | |
| Topical term or geographic name as entry element | MANAGEMENT-FACILITIES MANAGEMENT |
| 700 ## - ADDED ENTRY--PERSONAL NAME | |
| Personal name | Heath, Roger |
| 700 ## - ADDED ENTRY--PERSONAL NAME | |
| Personal name | Steel, Mark |
| 700 ## - ADDED ENTRY--PERSONAL NAME | |
| Personal name | Wood, Sue |
| 942 ## - ADDED ENTRY ELEMENTS (KOHA) | |
| Suppress in OPAC | 0 |
| Withdrawn status | Lost status | Source of classification or shelving scheme | Damaged status | Not for loan | Home library | Current library | Shelving location | Date acquired | Cost, normal purchase price | Total Checkouts | Full call number | Barcode | Date last seen | Date last checked out | Copy number | Cost, replacement price | Price effective from | Koha item type |
|---|---|---|---|---|---|---|---|---|---|---|---|---|---|---|---|---|---|---|
| Dewey Decimal Classification | London | London | Folio | 31/01/2000 | 59.95 | 45 | F658.2 GRE | 30060615 | 06/08/2019 | 08/01/2010 | 1 | 59.95 | 06/08/2019 | Book | ||||
| Dewey Decimal Classification | London | London | Books | 17/01/2003 | 21.25 | 34 | 658.2 GRE (2002 reprint) | 30068108 | 06/08/2019 | 20/08/2009 | 1 | 21.25 | 06/08/2019 | Book |